000 00530nam a22001697a 4500
999 _c15032
_d15032
008 200207b ||||| |||| 00| 0 eng d
020 _a971914324x
082 _21988
_aDFil 332
_bM67
100 _aMiranda, Gregorio S.
_941700
245 _aElements of Business Finance;
_cGregorio S. Miranda
250 _aRevised edition
260 _aQuezon City:
_bL & G Business House,
_c ©1988
300 _a312 pages;
_c23 cm
500 _aIncludes appendices, bibliography
650 _aFinancial management
_941701
942 _2ddc
_cDFIL